Disability Discrimination Act 1995: guidance on matters to be taken into account in determining questions relating to the definition of disability. (Record no. 87790)

MARC details
000 -LEADER
fixed length control field 00717cam a2200229 4500
008 - FIXED-LENGTH DATA ELEMENTS--GENERAL INFORMATION
fixed length control field 090401t1996 xxu||||| |||| 00| 0 eng d
020 ## - INTERNATIONAL STANDARD BOOK NUMBER
International Standard Book Number 0112709559
035 ## - SYSTEM CONTROL NUMBER
System control number (Sirsi) u20291
041 ## - LANGUAGE CODE
Language code of text/sound track or separate title eng
050 ## - LIBRARY OF CONGRESS CALL NUMBER
Classification number 346.41013
110 ## - MAIN ENTRY--CORPORATE NAME
Corporate name or jurisdiction name as entry element Department for Education and Employment
9 (RLIN) 2846
245 ## - TITLE STATEMENT
Title Disability Discrimination Act 1995: guidance on matters to be taken into account in determining questions relating to the definition of disability.
260 ## - PUBLICATION, DISTRIBUTION, ETC.
Place of publication, distribution, etc. London
Name of publisher, distributor, etc. HMSO
Date of publication, distribution, etc. 1996
300 ## - PHYSICAL DESCRIPTION
Extent ii,18p. ; 30cm.
350 ## - PRICE (NR) (BK AM CF MU VM SE) [OBSOLETE]
Price 7.5
650 ## - SUBJECT ADDED ENTRY--TOPICAL TERM
Topical term or geographic name entry element DEFINITIONS
650 ## - SUBJECT ADDED ENTRY--TOPICAL TERM
Topical term or geographic name entry element DISABILITY DISCRIMINATION ACT 1995
650 ## - SUBJECT ADDED ENTRY--TOPICAL TERM
Topical term or geographic name entry element DISABLED PEOPLE
690 ## - LOCAL SUBJECT ADDED ENTRY--TOPICAL TERM (OCLC, RLIN)
Topical term or geographic name as entry element ECONOMIC AND SOCIAL
942 ## - ADDED ENTRY ELEMENTS (KOHA)
Suppress in OPAC 0
948 ## - LOCAL PROCESSING INFORMATION (OCLC); SERIES PART DESIGNATOR (RLIN)
c (OCLC) 04/03/1997
Holdings
Withdrawn status Lost status Source of classification or shelving scheme Damaged status Not for loan Home library Current library Shelving location Date acquired Cost, normal purchase price Total Checkouts Full call number Barcode Date last seen Copy number Cost, replacement price Price effective from Koha item type
    Dewey Decimal Classification     London London Pamphlets 20/09/1996 7.50   P346.41013 30050379 06/08/2019 1 7.50 06/08/2019 Book